000 00539nam a2200181Ia 4500
008 090124s9999 xx 000 0 und d
082 _b103594
100 _aजुवेकर छोटु
245 _a तू आणि मी दूर दूर
250 _a1
260 _c1951
300 _a94
600 _aजुवेकर छोटु
630 _a तू आणि मी दूर दूर
700 _aजुवेकर छोटु
730 _a तू आणि मी दूर दूर
942 _cBOOK
999 _c149686
_d149686